Hodnotenie dopadu výšky sadzieb spotrebných daní pri vybraných tovarov na ich spotrebu bakalárska práca

Guardado en:
Detalles Bibliográficos
Autor principal: Hauswirth, Kristián
Autor Corporativo: Fakulta podnikového manažmentu EU. Katedra podnikových financií
Otros Autores: Vavrová, Katarína, 1960-
Formato: Libro
Lenguaje:eslovaco
Publicado: Bratislava 2025
Etiquetas: Agregar Etiqueta
Sin Etiquetas, Sea el primero en etiquetar este registro!

MARC

LEADER 00000nbm a2200000 4500
001 0309875
005 20260108094935.6
041 0 |a slo 
044 |a SK 
245 1 0 |a Hodnotenie dopadu výšky sadzieb spotrebných daní pri vybraných tovarov na ich spotrebu  |b bakalárska práca  |c Kristián Hauswirth ; školiteľ: Katarína Vavrová 
264 1 |a Bratislava  |c 2025 
300 |a 54 s. 
100 1 |a Hauswirth, Kristián 
700 1 |a Vavrová, Katarína, 1960- 
710 2 |a Fakulta podnikového manažmentu EU. Katedra podnikových financií